000 00886nam a2200241 u 4500
001 000046602
005 20240306164224.0
008 170125s2009 ck r 000 0 eng d
020 _a9781603966573
040 _aDO-SdBNP
_bspa
_cBNPHU
082 _aPe864.44
_bV297s
100 1 _aVargas Llosa, Mario,
_d1936-
_912567
245 1 0 _aSables y utopías :
_bvisiones de América Latina /
_cMario Vargas Llosa ; selección y prólogo Carlos Granés.
260 _aColombia :
_bAguilar,
_c2009.
300 _a460 p. ; :
_bAguilar, ;
_c25 cm.
500 _aIncluye datos biográficos del autor en la solapa de la cubierta
500 _aIncluye índices onomástico
504 _aBibliografía: p. 461-[466]
650 4 _aEnsayos peruanos
_920754
650 4 _aLiteratura peruana
_93140
651 _aAmérica Latina
_xPolítica Y Gobierno
_92618
700 1 2 _aGranés, Carlos,
_epról.
_974585
999 _c46091
_d46091